000 00227 a2200121 4500
020 _a9780673758491
041 _aspa
100 _aWehtje, Viveka
245 _aMe vera asi
942 _cBK
999 _c29666
_d29664
999 _d29664
999 _d29664